00918 2200205 4500001002100000005001500021035002000036007000300056008004100059020002200100082001000122084001600132100002700148245005900175260004700234300005300281650001500334250001200349520035100361INLIS00000000000007420220606092428 a0010-0522000056ta220606 b 0 ind  a978-623-96792-2-4 a372.7 a372.7 MUH b0 aMuhammad Fikri Ghozali1 aBuku Pendamping Matematika I /cMuhammad Fikri Ghozali aSukoharjo :bPustaka Raya Nusantara,c2021 a122 halaman :bilustrasi tidak berwarna ;c25 cm 4aMatematika aPertama aPelajaran Matematika erat kaitannya dalam kehidupan sehari-hari karena secara tidak langsung kita menggunakan angk-angka, seperti menghitung jam, menghitung uang, menghitung benda, dan lainnya. Buku pendamping Matematika ini menyajikan materi dengan pendekatan saintifik, berbasis aktivitas, memuat HOTS (High Order Thingking Skill) dan Literasi.